Thực hành phân loại thực vật : ( Giáo trình dùng cho các truờng Đại học Sư phạm )

Nội dung sách gồm có nhóm sinh vật tiền nhân; nhóm sinh vật có nhân; giới thực vật; phân giới thực vật bậc thấp.

Đã lưu trong:
书目详细资料
主要作者: Hoàng, Thị Sản
格式: 图书
语言:Undetermined
出版: Hà Nội Khoa học Kỹ thuật 2009
主题:
标签: 添加标签
没有标签, 成为第一个标记此记录!
Thư viện lưu trữ: Trung tâm Học liệu Trường Đại học Cần Thơ
LEADER 00869nam a2200241Ia 4500
001 CTU_207280
008 210402s9999 xx 000 0 und d
020 |b 15500 
020 |c 25000 
082 |a 581.012 
082 |b S105 
100 |a Hoàng, Thị Sản 
245 0 |a Thực hành phân loại thực vật : 
245 0 |b ( Giáo trình dùng cho các truờng Đại học Sư phạm ) 
245 0 |c Hoàng Thị Sản 
260 |a Hà Nội 
260 |b Khoa học Kỹ thuật 
260 |c 2009 
520 |a Nội dung sách gồm có nhóm sinh vật tiền nhân; nhóm sinh vật có nhân; giới thực vật; phân giới thực vật bậc thấp. 
650 |a Botany 
650 |x Classification 
904 |i Tuyến 
980 |a Trung tâm Học liệu Trường Đại học Cần Thơ